International & Transnational criminal law

Detalles Bibliográficos
Autor principal: Rikhof, Joseph
Otros Autores: Currie, Robert J.
Formato: eBook
Lenguaje:inglés
Publicado: Toronto: Irwin Law Inc., 2020
Materias:
Acceso en línea:Acceso restringido

MARC

LEADER 00000nam a22000007a 4500
005 20210811000656.0
007 cr|||| ||||
008 210811s2020 ca |||||s|||| 00||0 eng d
020 |a 978-1-55221-532-6 
035 |a 35014 
040 |a vLex 
090 |c 11972  |d 11972 
100 1 |a Rikhof, Joseph 
245 1 0 |a International & Transnational criminal law  |h [Recurso electrn̤ico] /  |c Joseph Rikhof, Robert J. Currie 
256 |a Servicio en ln̕ea 
260 |a Toronto:  |b Irwin Law Inc.,  |c 2020 
300 |a 1 recurso electrn̤ico 
506 1 |a Disponible solo en los productos indicados  |d vLex Global  |d vLex Global (Academic Edition, excluding Law Schools)  |d vLex Global (U.S. Academic Edition, Law Schools)  |d vLex Global (U.S. Academic Edition, excluding Law Schools)  |d vLex Global (Academic Edition, Law Schools) 
650 0 4 |a Derecho Internacional  |z Canad̀ 
700 1 |a Currie, Robert J. 
740 0 |a vLex Libros (Servicio en ln̕ea) 
856 4 0 |u https://app.vlex.com/#/sources/35014  |z Acceso restringido 
942 |c BOOK 
999 0 |a International right